| 000 | 00416nam a22001457a 4500 | ||
|---|---|---|---|
| 082 |
_a621.383 _bMRN _cL-9, P-73 |
||
| 100 |
_aMonseth, I.T. _941648 |
||
| 245 |
_aRelay Systems Throry & Applications. _cMonseth, I.T. |
||
| 250 | _a1st ed. | ||
| 260 |
_aNew York. _bMcGraw Hill _cc1935. |
||
| 300 |
_av, 549 p. : _bill. : _c18 cm. |
||
| 526 |
_a0 _b0 _c0 _d621_383000000000000_MRN |
||
| 650 |
_aMCE _9379 |
||
| 942 |
_2ddc _cBK |
||
| 999 |
_c545699 _d545699 |
||